Statistics for all dave songs

Click here to take the quiz!

General Stats

  • This quiz has been taken 60 times
    (17 since last reset)
  • The average score is 32 of 59

Answer Stats

We're All In This Together% Correct
Psycho
100%
Streatham
100%
Verdansk
100%
Verdansk (Survival Mode)
100%
Clash
88%
Lesley
88%
Sprinter
88%
Funky Friday
75%
heart Attack
75%
Lazarus
75%
Location
75%
Meridian
75%
Our 25th Birthday
75%
Screwface Capital
75%
Thiago Silva
75%
Trojan Horse
75%
UK Rap
75%
Both Sides Of A Smile
63%
Disaster
63%
Drama
63%
Environment
63%
How I Met My Ex
63%
Law Of Attraction
63%
Professor X
63%
Purple Heart
63%
System
63%
Three Rivers
63%
Voices
63%
We're All Alone
63%
Black
50%
Hangman
50%
In The Fire
50%
No Words
50%
Panic Attack
50%
Picture Me
50%
Question Time
50%
Special
50%
Survivors Guilt
50%
Titanium
50%
Twenty To One
50%
Wanna Know
50%
Game Over
38%
My 19th BIrthday
38%
Paper Cuts
38%
Six Paths
38%
Starlight
38%
Tequila
38%
100M's
25%
71 / End Credits
25%
Attitude
25%
Gods Eye
25%
JKYL + HYD
25%
Mercury
25%
Samantha
25%
Breathe
13%
Calling Me Out
13%
My 24th Birthday
13%
Revenge
13%
Wanna Know Remix
0%

Score Distribution

Percentile by Number Answered

Percent of People with Each Score

Your Score History

You have not taken this quiz since the last reset